| 000 | nam a22 7a 4500 | ||
|---|---|---|---|
| 999 |
_c330730 _d330730 |
||
| 003 | NUST | ||
| 005 | 20180119162645.0 | ||
| 008 | 170802b xxu||||| |||| 00| 0 eng d | ||
| 040 | _cNUST | ||
| 082 | _a305.23095491 SPA | ||
| 100 | _4SPARC | ||
| 245 | _aThe state of Pakistan's children 2012 | ||
| 260 |
_aPakistan _bSPARC _c2013 |
||
| 300 | _a200p | ||
| 942 |
_2ddc _cBK |
||